• 首页
  • 本馆介绍
  • 公告通知
  • 最新文献
  • 馆藏检索
  • 电子资源
  • 读者导购
  • 参考咨询
  • 我的图书馆
  • 登录
  • 详细信息显示
  • 放入我的书架
  • 预约/预借图书
  • 作者相关作品
  • 分类相关作品
  • 丛书相关作品
  • 出版社相关作品

书目信息

  • 表格格式
  • 工作单格式
  • 卡片格式
题名:
汉魏六朝赋选注
    
 
作者: 裴晋南
分册:  
出版信息: 上海   上海古籍出版社  1983
页数: 180页
开本: 20cm
丛书名: 中国古典文学作品选读
单 册:
中图分类: I222.4
科图分类:
主题词: 诗歌--中国 , 韵文--中国
电子资源:
ISBN:
000 00600nam0 2200217 450
001 0728815141
005 20070819080015.14
010    @d¥0.42
100    @a20070819d km y0chiy0120 ea
101 0  @achi
200 1  @a汉魏六朝赋选注@Ahan wei liu chao fu xuan zhu@f裴晋南@Fpei jin nan
210    @a上海@c上海古籍出版社@d1983
215    @a180页@d20cm
225 2  @a中国古典文学作品选读
410  0 @12001 @a中国古典文学作品选读
606 0  @a诗歌@x中国
606 0  @a韵文@x中国
690    @aI222.4@v3
701  0 @a裴晋南@Apei jin nan
801  0 @aCN@bPFT@c20070819
905    @a213230@dI222.4@eZW171@f1
    
    汉魏六朝赋选注/裴晋南.-上海:上海古籍出版社,1983
    180页;20cm.-(中国古典文学作品选读)
    
    
    ISBN :¥0.42
    
●
相关链接 在E读中查询图书 在五车中查询图书 在当当中查询图书 在豆瓣中查询图书


正题名:汉魏六朝赋选注     索取号:I222.4/ZW171         预约/预借

序号 登录号 条形码 馆藏地/架位号 状态 备注
1 7608379   276083792   密集书库-文学院/ [索取号:I222.4/ZW171] 在馆    
唐山师范学院图书馆 欢迎您!
大连网信软件有限公司© 版权所有